El cristianismo, una propuesta con sentido

Spremljeno u:
Bibliografski detalji
Glavni autor: Conesa, Francisco (Autor)
Format: Knjiga
Jezik:španjolski
Izdano: Madrid BAC 2005
Izdanje:1a. ed
Serija:Estudios y Ensayos BAC Pastoral, 80
Teme:
Oznake: Dodaj oznaku
Bez oznaka, Budi prvi tko označuje ovaj zapis!

MARC

LEADER 00000nam a2200000 a 4500
001 UCH0520
003 CL-VaPUC
008 090312e20050000SP |||||||||||||||||spa|d
020 |a 8479147814 
082 0 4 |a 230.01  |b CON  |2 21 
100 0 |a Conesa, Francisco  |e author  |9 534700 
245 1 3 |a El cristianismo, una propuesta con sentido 
250 |a 1a. ed 
300 |a 236 
942 |c BK 
945 |d 20090312 00:00:00  |a cmena 
260 |a Madrid  |b BAC  |c 2005 
650 0 |a Cristianismo  |9 257361 
650 0 |a Teología cristiana  |9 308336 
650 0 |a Moral cristiana  |9 464237 
650 0 |a Filosofía de la religión   |9 256017 
650 0 |a Eclesiología   |9 366152 
583 |a last modification  |c 20140401 10:13:21  |k Rodrigo Vera 
490 0 |a Estudios y Ensayos BAC Pastoral, 80 
999 |c 332814  |d 332812 
952 |0 0  |1 0  |4 0  |6 230_010000000000000_CON_2005  |7 0  |8 A  |9 420794  |a BIBTEO  |b BIBTEO  |d 2019-11-22  |i 4524489  |o 230.01 CON 2005  |p 4524489  |r 2025-01-17  |w 2019-11-22  |y BK  |k ICR